Protestantisme français / (Record no. 123024)

MARC details
000 -LEADER
campo de control de longitud fija 00526nam a2200193 4500
001 - NÚMERO DE CONTROL
campo de control 123024
003 - IDENTIFICADOR DE NÚMERO DE CONTROL
campo de control ES-MaACL
005 - FECHA Y HORA DE LA ÚLTIMA TRANSACCIÓN
campo de control 20230906192109.0
007 - CAMPO FIJO DE DESCRIPCIÓN FÍSICA--INFORMACIÓN GENERAL
campo de control de longitud fija t|
008 - DATOS DE LONGITUD FIJA--INFORMACIÓN GENERAL
campo de control de longitud fija 070214s1945 fr r ||||0| fre d
245 00 - MENCIÓN DEL TÍTULO
Título Protestantisme français /
Mención de responsabilidad, etc. par Marc Boegner... [et al.].
260 ## - PUBLICACIÓN, DISTRIBUCIÓN, ETC.
Lugar de publicación, distribución, etc. Paris :
Nombre del editor, distribuidor, etc. Plon et Nourrit,
Fecha de publicación, distribución, etc. 1945.
300 ## - DESCRIPCIÓN FÍSICA
Extensión II, 448 p ;
Dimensiones 19 cm.
490 1# - MENCIÓN DE SERIE
Mención de serie Présences
700 1# - ENTRADA AGREGADA--NOMBRE PERSONAL
Nombre de persona Boegner, Marc.
9 (RLIN) 29728
830 0# - PUNTO DE ACCESO ADICIONAL DE SERIE-TÍTULO UNIFORME
Título uniforme Présences
9 (RLIN) 182391
852 ## - LOCALIZACIÓN
Ubicación ES-MaACL
Número de control de estantería D-5297
Sublocalización o colección R.30963
Holdings
Estatus retirado Estado de pérdida Estado de daño No para préstamo Biblioteca de origen Biblioteca actual Ubicación en estantería Fecha de adquisición Fuente de adquisición Total de préstamos Signatura topográfica completa Código de barras Visto por última vez Precio de reemplazo Tipo de ítem Koha
        Biblioteca del Ateneo de Madrid Biblioteca del Ateneo de Madrid Sala Valle Inclán 17/01/2008     D-5297 901128195 23/02/2023 23/02/2023 Libro impreso